000 00297nam a2200121Ia 4500
008 241002s9999 xx 000 0 und d
082 _a808.4 RUS
100 _aRussell, Bertrand
245 0 _aMysticism and Logic and Other Essays
260 _aLondon:
_c1954
600 _aLiterature
942 _cUC
999 _c18642
_d18642